01142nam a2200289Ia 4500001001100000006001900011007001500030008004100045035002200086040002600108050002100134245002100155264005700176300006500233336002600298337002600324338003600350490008800386500001700474500004500491504012600536600002800662655002400690700002800714830003900742856007100781DIGANR0146m d cr |||||||||||100325s1986 sp ac b 000 0 spa d a(OCoLC)1335125532 aDGITAbengepncDGITA 4aKKT110.D53 ebook00aElías Díaz . 1aBarcelona :bAnthropos, Editorial del Hombre,c1986. a1 online resource (64, [15] p.) :billustrations, portraits. atextbtxt2rdacontent acomputerbc2rdamedia aonline resourcebcr2rdacarrier1 aAnthropos: revista de documentación científica de la cultura,x02115611 ;v62. aCover title. a"N.° 62, Junio 1986" --P. [2] of cover. a"Información bibliográfica: bibliografía temática: Filosofia del derecho" ([15] p.) laid in between p. 32 and 33.10aDíaz, Elías,d1934- 7aPeriodicals.2lcgft1 aDíaz, Elías,d1934- 0aAnthropos (Barcelona, Spain) ;v62403Digitalia Hispánicauhttps://www.digitaliapublishing.com/a/3588/